Представление документа в формате MARC21

Поле Инд. ПП Название Значение
Тип записи a
Библиографический уровень b
001 Контрольный номер UNIDUBNA21493ac09c79430ba06891b7b43ebd5a
005 Дата корректировки 20230629163212.8
008 Кодируемые данные 20170331
040 b Код языка каталог. rus
e Правила каталог. PSBO
041 0_ a Код языка текста rus
084 a Индекс другой классификации/Индекс ББК 60.953.5; 88.93
100 1_ a Автор Сазонова Т. В.
245 10 a Заглавие Игра как способ успешной адаптации несовершеннолетних дошкольного возраста в условиях социально реабилитационного центра
520 0_ a Аннотация Специалист по реабилитационной работе в социальном центре делится опытом работы. Приведены игры и упражнения, которые применяет сотрудник реабилитационного центра для успешной адаптации младших дошкольников в новых условиях проживания.
650 14 a Основная рубрика практическая психология (прикладная психология)
a Основная рубрика психокоррекция
a Основная рубрика психология
a Основная рубрика социальная работа
653 0_ a Ключевые слова воспитание
a Ключевые слова детские игры
a Ключевые слова дома-интернаты
a Ключевые слова дошкольники
a Ключевые слова коллективная деятельность
a Ключевые слова коммуникативное развитие
a Ключевые слова младшие дошкольники
a Ключевые слова несовершеннолетние
a Ключевые слова образовательное пространство
a Ключевые слова предметная деятельность
a Ключевые слова реабилитационная работа
a Ключевые слова реабилитационные центры
a Ключевые слова Россия
a Ключевые слова социализация детей
a Ключевые слова социальная адаптация
a Ключевые слова творческая деятельность
a Ключевые слова эмоциональное общение
a Ключевые слова эмоциональное состояние
773 08 t Заглавие источника Работник социальной службы
d Дата издания источника 2022
g Прочая информация № 3. - С. 65 - 71
w Контрольный № источника UNIDUBNA54795986bda14a7f9af00bc0dce1c8c0
901 t Тип документа b